Central Library OPAC University of Rajshahi

The Gandhi murder trial / (Record no. 25115)

MARC details
000 -LEADER
fixed length control field 00735nam a22002412i 4500
001 - CONTROL NUMBER
control field 25115
003 - CONTROL NUMBER IDENTIFIER
rucl marc code BD-RjUL
005 - DATE AND TIME OF LATEST TRANSACTION
control field 20211209050831.0
008 - FIXED-LENGTH DATA ELEMENTS--GENERAL INFORMATION
fixed length control field 140316t1974 ii af 001 0 eng d
020 ## - INTERNATIONAL STANDARD BOOK NUMBER
International Standard Book Number 0210270438
035 ## - SYSTEM CONTROL NUMBER
System control number (BD-RjUL)25184
040 ## - CATALOGING SOURCE
Original cataloging agency TXA
Transcribing agency TXA
Modifying agency OCL
-- EQO
-- BD-RjUL
Language of cataloging eng
041 ## - LANGUAGE CODE
Language code of text/sound track or separate title eng
082 04 - DEWEY DECIMAL CLASSIFICATION NUMBER
Classification number 954
Author mark and year GHG 1974
100 1# - MAIN ENTRY--PERSONAL NAME
Personal name Ghosh, Tapan,
Dates associated with a name 1928-
9 (RLIN) 77280
245 14 - TITLE STATEMENT
Title The Gandhi murder trial /
Statement of responsibility, etc. Tapan Ghosh
260 ## - PUBLICATION, DISTRIBUTION, ETC. (IMPRINT)
Place of publication, distribution, etc. Bombay ;
-- New York :
Name of publisher, distributor, etc. Asia Publishing House,
Date of publication, distribution, etc. c1974.
300 ## - PHYSICAL DESCRIPTION
Pagination viii, 336 p., [2] leaves of plates :
Illustrations ill. ;
Size 22 cm
504 ## - BIBLIOGRAPHY, ETC. NOTE
Bibliography, etc Includes index
600 10 - SUBJECT ADDED ENTRY--PERSONAL NAME
Personal name Godse, Nathuram Vinayak,
Dates associated with a name 1912-1949
Personal name Gandhi,
Titles and other words associated with a name Mahatma,
Dates associated with a name 1869-1948.
942 ## - ADDED ENTRY ELEMENTS (KOHA)
Source of classification or shelving scheme Dewey Decimal Classification
Koha item type Books
Holdings
Lost status Source of classification or shelving scheme Damaged status Not for loan Collection code Permanent Location Current Location Shelving location Date acquired Source of acquisition Cost, normal purchase price Total Checkouts Full call number Date last seen Copy number Koha item type
  Dewey Decimal Classification   Added to bundle Non-fiction Central Library, University of Rajshahi Central Library, University of Rajshahi Reading Room 06/03/1979 India Internatonal calcata 60.00   954 GHG 1974 16/03/2014 C-1 Books